| 000 | 01456nam a2200169Ia 4500 | ||
|---|---|---|---|
| 005 | 20250117103715.0 | ||
| 008 | 250117s9999 xx 000 0 und d | ||
| 020 | _a9780815704225 | ||
| 082 | _a341.2RIS | ||
| 100 | _aAlan S. Alexandroff | ||
| 245 | 0 |
_aRising states, rising institutions _bchallenges for global governance |
|
| 260 |
_aWaterloo _bCentre for International Governance Innovation _c2010 |
||
| 300 | _aviii, 318 p. ; 23 cm. | ||
| 500 | _aIncludes bibliographical references and index. | ||
| 520 | _aRising States, Rising Institutions features a panel of distinguished scholars who examine the forces at work: Gregory Chin (York University), Daniel W. Drezner (Tufts University), Thomas Hale (Princeton University), Andrew Hurrell (Oxford University), G. John Ikenberry (Princeton University), John Kirton (University of Toronto), Flynt Leverett (New America Foundation), Steven E. Miller (Harvard University), Andrew Moravcsik (Princeton University), Amrita Narlikar (Cambridge University), and Anne-Marie Slaughter (U.S. State Department). Together they analyze different models of international cooperation, the states that have most actively challenged the existing order, and leading and emergent international institutions such as the G-20, the nascent regime for sovereign wealth funds, the International Atomic Energy Agency, and the entities organized to foster cooperation in the war on terror. | ||
| 650 | _aInternational organization. | ||
| 999 |
_c4571 _d4571 |
||